| 000 | 01288nam a2200301 a 4500 | ||
|---|---|---|---|
| 001 | 000031424 | ||
| 003 | DO-SdBNP | ||
| 005 | 20220922113049.0 | ||
| 007 | ta | ||
| 008 | 110620s1937 dr 000 | spa d | ||
| 040 |
_aDO-SdBNP _bspa _cBNPHU |
||
| 082 |
_a917.293 _bO77g, 1937 |
||
| 100 |
_aOrtega, Augusto _957816 |
||
| 245 | 1 | 0 |
_aTexto auxiliar de geografía evolutiva : _bpara el trazado de mapas en las escuelas por el procedimiento de longitudes y latitudes. / _cAugusto Ortega. |
| 246 | 1 | 0 |
_aGeografía evolutiva : _bEl trazado de mapas en las escuelas por el procedimiento de longitudes y latitudes (coordenadas geográficas). / |
| 250 | _a3a.ed. aum. y correg. | ||
| 260 |
_aSantiago, República Dominicana : _bCorazón de Jesus, _c1937. |
||
| 300 |
_av. ; _c23 cm. |
||
| 500 | _aLa biblioteca sólo posee el volumen II y III. | ||
| 500 | _aNuevo sistema de enseñanza de la geografía. | ||
| 505 | 2 |
_gV. II -- _tDistrito de Santo Domingo, provincias y comunes de la República Dominicana -- _gV. III -- _tIsla de Santo Domingo / |
|
| 590 | _aInventariado, 2022/ YL | ||
| 650 | 4 |
_aGeografía _x Enseñanza _920300 |
|
| 650 | 4 |
_aCoordenadas geográficas _957817 |
|
| 651 |
_aRepública Dominicana _xDescripciones _982230 |
||
| 910 | _aYLockward | ||
| 942 |
_2ddc _cLBS1 |
||
| 999 |
_c30916 _d30916 |
||